| 000 | 00569nam a2200193 a 4500 | ||
|---|---|---|---|
| 005 | 20240215063722.0 | ||
| 008 | 040126s2000 mx r 000 0 spa d | ||
| 020 | _a8495178850 | ||
| 035 | _aUPN01000131539 | ||
| 049 | _aCE | ||
| 050 | 4 |
_aH62 _bC3.4 |
|
| 100 | 1 | _aCarrizo Sainero, Gloria | |
| 245 | 1 | 3 |
_aLa información en ciencias sociales / _cGloria Carrizo Sainero. |
| 260 |
_aEspaña : _bTrea, _c2000. |
||
| 300 | _a284 p. | ||
| 440 | 0 |
_aBiblioteconomía y administración cultural ; _v41 |
|
| 650 | 4 |
_aCiencias sociales _xInvestigación _97497 |
|
| 905 | _aLibro | ||
| 999 |
_c103694 _d103694 |
||